000 00706nam a2200265Ia 4500
003 OSt
005 20221006143409.0
006 a|||||r|||| 00| 0
007 ta
008 221006b |||||||| |||| 00| 0 eng d
020 _cP47.00
024 _a8,852
037 _cTextual
040 _aEASL
_cEASL
_beng
041 _2eng
_aeng
082 _aX.20r41.N94, N5
100 _aBhalla A. S.
245 0 _aUneven development in the Third World
_b A study of China and India
250 _aRev. Ed 2
260 _aLondon
_bSt. Martin's Press
_c1995
300 _a423p.
_ccm.
490 _v CEL
942 _hX.20r41.N94, N5
_cTEXL
_2CC
999 _c1076938
_d1076938